| 000 | 00689nam a2200253Ia 4500 | ||
|---|---|---|---|
| 003 | OSt | ||
| 005 | 20220918163912.0 | ||
| 006 | a|||||r|||| 00| 0 | ||
| 007 | ta | ||
| 008 | 220917b |||||||| |||| 00| 0 eng d | ||
| 020 | _a0333557204 (hbk) | ||
| 024 | _a218,208 | ||
| 037 | _cTextual | ||
| 040 |
_aARTS _cARTS _beng |
||
| 041 |
_2eng _aeng |
||
| 082 | _aO111,3M65w, P3 | ||
| 100 |
_aMallett Phillip _915927 |
||
| 245 | 0 |
_aRudyard Kipling _b A literary life |
|
| 260 |
_aNew York _bPalgrave macmillan USA _c2003 |
||
| 300 |
_ax, 223p _ccm. |
||
| 650 | _aENGLISH LITERATURE | ||
| 942 |
_hO111,3M65w, P3 _cTEXL _2CC |
||
| 999 |
_c122051 _d122051 |
||